[Event "4. Open Hotel Avenida de Canarias 2010"]
[Site "Vecindario ESP"]
[Date "2010.07.23"]
[Round "7.33"]
[White "Rodriguez Perez, Jezabel"]
[Black "Galiana Canillas, Antonio"]
[Result "0-1"]
[WhiteElo "1905"]
[BlackElo "1659"]
[PlyCount "78"]
[EventDate "2010.07.18"]
[EventType "swiss"]
[EventRounds "9"]
[EventCountry "ESP"]
[Source "lmi"]
[SourceDate "2010.07.18"]

1. Nf3 d5 2. d4 Nf6 3. Bf4 e6 4. e3 c5 5. c3 c4 6. Nbd2 Bd6 7. Ne5 O-O 8. Qc2
Nh5 9. Bg3 f6 10. Nef3 Nxg3 11. hxg3 h6 12. Qg6 Kh8 13. g4 Bd7 14. g5 Be8 15.
Qc2 fxg5 16. e4 Bg6 17. O-O-O b5 18. Re1 Nc6 19. b4 Kg8 20. Qb2 a5 21. Ne5 Nxe5
22. dxe5 Bxe5 23. Nf3 Bf4+ 24. Kb1 Bxe4+ 25. Ka1 Bd6 26. Nd4 Qd7 27. f3 Bg3 28.
Re2 e5 29. fxe4 exd4 30. cxd4 dxe4 31. Rxe4 Rf2 32. Be2 Qd6 33. bxa5 Rxa5 34.
Rh3 Rf8 35. Qc3 Ra3 36. Qb2 Rfa8 37. Qxb5 Rxa2+ 38. Kb1 Ra1+ 39. Kc2 R8a2+ 0-1

[Event "4. Open Hotel Avenida de Canarias 2010"]
[Site "Vecindario ESP"]
[Date "2010.07.23"]
[Round "7.34"]
[White "Sanchez Ramirez, Gustavo"]
[Black "Cruz Pino, Adrian"]
[Result "0-1"]
[WhiteElo "1661"]
[BlackElo "1871"]
[PlyCount "88"]
[EventDate "2010.07.18"]
[EventType "swiss"]
[EventRounds "9"]
[EventCountry "ESP"]
[Source "lmi"]
[SourceDate "2010.07.18"]

1. d4 Nf6 2. c4 e6 3. Nf3 c5 4. e3 d5 5. Nc3 cxd4 6. Nxd4 Be7 7. Bd2 Nc6 8.
cxd5 Nxd4 9. Qa4+ Nc6 10. dxc6 bxc6 11. Qxc6+ Bd7 12. Qa6 O-O 13. Be2 Bc8 14.
Qc4 Bb7 15. O-O Qxd2 16. Rfd1 Qxb2 17. Rab1 Qa3 18. Rb3 Bd5 19. Nxd5 exd5 20.
Rxd5 Qxa2 21. Rdb5 Rac8 22. Qd3 Rfd8 23. Rb2 Qxb2 24. Qxd8+ Bxd8 25. Rxb2 Rc1+
26. Bf1 Bb6 27. g3 g6 28. h3 Ra1 29. Kg2 Kg7 30. Bc4 Nd7 31. Rd2 Ne5 32. Bb5
Rc1 33. Ra2 Rc5 34. Be2 Nc6 35. Bf3 Nb4 36. Rd2 Rc2 37. Rxc2 Nxc2 38. Bb7 a5
39. Bc6 Nb4 40. Ba4 Na2 41. Bb3 Nc3 42. h4 a4 43. Bxa4 Nxa4 44. e4 Nc5 0-1

[Event "4. Open Hotel Avenida de Canarias 2010"]
[Site "Vecindario ESP"]
[Date "2010.07.23"]
[Round "7.35"]
[White "Reyes Hidalgo, Alejandro"]
[Black "Marrero Lopez, Agustin"]
[Result "0-1"]
[WhiteElo "1613"]
[BlackElo "1869"]
[PlyCount "64"]
[EventDate "2010.07.18"]
[EventType "swiss"]
[EventRounds "9"]
[EventCountry "ESP"]
[Source "lmi"]
[SourceDate "2010.07.18"]

1. e4 e5 2. Nf3 Nc6 3. Bc4 Nd4 4. Nxe5 Qg5 5. Ng4 d5 6. Be2 Nxe2 7. Qxe2 Qxg4
8. f3 Qh4+ 9. g3 Qe7 10. exd5 Qxe2+ 11. Kxe2 Nf6 12. c4 Bc5 13. Nc3 a6 14. d3
O-O 15. Ne4 Nxe4 16. dxe4 b5 17. cxb5 axb5 18. Bf4 Bb6 19. Rac1 Ra7 20. Be3
Bxe3 21. Kxe3 Bd7 22. a3 Rfa8 23. Kf4 h6 24. h4 f6 25. g4 g6 26. g5 fxg5+ 27.
hxg5 h5 28. Ke5 Re8+ 29. Kf4 Rf8+ 30. Ke3 Rd8 31. Kf4 b4 32. Rc4 bxa3 0-1

[Event "4. Open Hotel Avenida de Canarias 2010"]
[Site "Vecindario ESP"]
[Date "2010.07.23"]
[Round "7.40"]
[White "Guedes Lopez, Saul"]
[Black "Padilla Socorro, Jesus"]
[Result "0-1"]
[WhiteElo "1712"]
[BlackElo "1814"]
[PlyCount "82"]
[EventDate "2010.07.18"]
[EventType "swiss"]
[EventRounds "9"]
[EventCountry "ESP"]
[Source "lmi"]
[SourceDate "2010.07.18"]

1. d4 e6 2. c4 Nf6 3. Nc3 Bb4 4. Qc2 O-O 5. Bg5 c5 6. dxc5 Na6 7. a3 Bxc3+ 8.
Qxc3 Nxc5 9. Bxf6 Qxf6 10. Qxf6 gxf6 11. g3 b6 12. Bg2 Bb7 13. Nf3 Rac8 14. Rc1
d5 15. cxd5 Nd3+ 16. Kd2 Nxc1 17. Rxc1 Rxc1 18. Kxc1 Bxd5 19. Bh3 Rc8+ 20. Kd2
Kf8 21. Nd4 a6 22. e3 Be4 23. b3 Rc7 24. Bxe6 Ke7 25. Bh3 Bd5 26. Bf5 h6 27.
Bd3 Kf8 28. Bxa6 Ra7 29. Nb5 Rxa6 30. Nc7 Bb7 31. Nxa6 Bxa6 32. Kc3 Ke7 33. Kd4
Kd6 34. b4 Bb5 35. h3 Bc6 36. h4 h5 37. Kc4 Ke5 38. Kd3 Bb5+ 39. Kd2 Ke4 40.
Ke1 Kf3 41. a4 Bxa4 0-1

[Event "4. Open Hotel Avenida de Canarias 2010"]
[Site "Vecindario ESP"]
[Date "2010.07.23"]
[Round "7.41"]
[White "Cruz Ramirez, Nauzet"]
[Black "Marrero Cardenes, Agustin"]
[Result "0-1"]
[WhiteElo "1636"]
[BlackElo "1788"]
[PlyCount "86"]
[EventDate "2010.07.18"]
[EventType "swiss"]
[EventRounds "9"]
[EventCountry "ESP"]
[Source "lmi"]
[SourceDate "2010.07.18"]

1. Nf3 Nf6 2. c4 e6 3. e3 b6 4. d3 Bb7 5. Nbd2 d5 6. b3 Be7 7. Bb2 O-O 8. Be2
Nbd7 9. O-O a5 10. a3 dxc4 11. dxc4 Nc5 12. Qc2 Bd6 13. Nd4 Nfe4 14. N2f3 Qe7
15. Nb5 Rad8 16. Nxd6 Nxd6 17. Rad1 Nde4 18. Rxd8 Rxd8 19. Rd1 f6 20. Rxd8+
Qxd8 21. b4 axb4 22. axb4 Na6 23. Ba3 Qd6 24. Qb2 c5 25. bxc5 Naxc5 26. Qd4 Kf7
27. Qxd6 Nxd6 28. Bxc5 bxc5 29. Kf1 Bxf3 30. gxf3 e5 31. Ke1 Kg6 32. Bd3+ f5
33. Kf1 Kg5 34. Kg2 f4 35. e4 Kh4 36. Be2 h5 37. h3 Nf7 38. Bd1 Ng5 39. Ba4
Nxh3 40. Bc6 g5 41. Bd7 g4 42. fxg4 hxg4 43. Bf5 f3+ 0-1

[Event "4. Open Hotel Avenida de Canarias 2010"]
[Site "Vecindario ESP"]
[Date "2010.07.24"]
[Round "8.1"]
[White "Munoz Pantoja, Miguel"]
[Black "Hernando Rodrigo, Jose Maria"]
[Result "1/2-1/2"]
[WhiteElo "2494"]
[BlackElo "2328"]
[PlyCount "27"]
[EventDate "2010.07.18"]
[EventType "swiss"]
[EventRounds "9"]
[EventCountry "ESP"]
[Source "lmi"]
[SourceDate "2010.07.18"]

1. e4 e6 2. d4 d5 3. Nd2 dxe4 4. Nxe4 Bd7 5. Nf3 Bc6 6. Bd3 Nd7 7. O-O Ngf6 8.
Qe2 Nxe4 9. Bxe4 Bxe4 10. Qxe4 c6 11. Bf4 Be7 12. c4 O-O 13. Rfd1 Re8 14. h3
1/2-1/2

[Event "4. Open Hotel Avenida de Canarias 2010"]
[Site "Vecindario ESP"]
[Date "2010.07.24"]
[Round "8.2"]
[White "Kurajica, Bojan"]
[Black "Salgado Lopez, Ivan"]
[Result "1/2-1/2"]
[WhiteElo "2528"]
[BlackElo "2607"]
[PlyCount "46"]
[EventDate "2010.07.18"]
[EventType "swiss"]
[EventRounds "9"]
[EventCountry "ESP"]
[Source "lmi"]
[SourceDate "2010.07.18"]

1. d4 c5 2. dxc5 Qa5+ 3. Nd2 Nf6 4. a3 Qxc5 5. b4 Qc7 6. Bb2 b6 7. e4 d6 8. Bd3
Nbd7 9. f4 Bb7 10. Ngf3 e6 11. O-O Be7 12. c4 O-O 13. Qe2 a5 14. e5 dxe5 15.
fxe5 Ne8 16. Qe3 axb4 17. axb4 Rxa1 18. Bxa1 g6 19. Qh6 Ng7 20. Ng5 Bxg5 21.
Qxg5 Nf5 22. Bxf5 exf5 23. Rxf5 Re8 1/2-1/2

[Event "4. Open Hotel Avenida de Canarias 2010"]
[Site "Vecindario ESP"]
[Date "2010.07.24"]
[Round "8.3"]
[White "Cabrera Trujillo, Jorge"]
[Black "Vera Gonzalez-Quevedo, Reynaldo"]
[Result "1/2-1/2"]
[WhiteElo "2365"]
[BlackElo "2513"]
[PlyCount "72"]
[EventDate "2010.07.18"]
[EventType "swiss"]
[EventRounds "9"]
[EventCountry "ESP"]
[Source "lmi"]
[SourceDate "2010.07.18"]

1. g3 g6 2. Bg2 Bg7 3. Nf3 Nf6 4. O-O c5 5. d3 Nc6 6. e4 O-O 7. Re1 d6 8. c3 e5
9. Nbd2 Re8 10. a3 Rb8 11. Nf1 h6 12. h3 d5 13. Qc2 Be6 14. b4 cxb4 15. axb4 a6
16. Be3 dxe4 17. dxe4 Qc8 18. b5 axb5 19. Kh2 Ra8 20. Rxa8 Qxa8 21. N1d2 b4 22.
cxb4 Nxb4 23. Qc3 Nc6 24. Ra1 Qb8 25. Rb1 Qc7 26. Bf1 Qd7 27. Qb2 Rb8 28. Bb5
Qc7 29. Bxc6 Qxc6 30. Ba7 Ra8 31. Qxb7 Qxb7 32. Rxb7 Nxe4 33. Nxe4 Bd5 34. Rb8+
Rxb8 35. Bxb8 Bxe4 36. Nxe5 Bd5 1/2-1/2

[Event "4. Open Hotel Avenida de Canarias 2010"]
[Site "Vecindario ESP"]
[Date "2010.07.24"]
[Round "8.4"]
[White "Larino Nieto, David"]
[Black "Tatai, Stefano"]
[Result "0-1"]
[WhiteElo "2461"]
[BlackElo "2357"]
[PlyCount "68"]
[EventDate "2010.07.18"]
[EventType "swiss"]
[EventRounds "9"]
[EventCountry "ESP"]
[Source "lmi"]
[SourceDate "2010.07.18"]

1. e4 c5 2. Nc3 d6 3. g3 Nc6 4. Bg2 g6 5. d3 Bg7 6. f4 e5 7. Nh3 exf4 8. Bxf4
Nge7 9. O-O O-O 10. Qd2 Rb8 11. Bh6 Bxh3 12. Bxh3 b5 13. Bxg7 Kxg7 14. Ne2 b4
15. Rf2 d5 16. Qe3 dxe4 17. dxe4 Nd4 18. Nf4 Qb6 19. Raf1 c4 20. Kh1 Ndc6 21.
Qf3 Ne5 22. Qg2 c3 23. bxc3 bxc3 24. g4 Qd4 25. g5 Nc4 26. Qg3 Nd2 27. Rd1 Rb1
28. Rxb1 Nxe4 29. Qh4 Nxf2+ 30. Kg2 Qe4+ 31. Kf1 Qh1+ 32. Kxf2 Qxb1 33. Qh6+
Kg8 34. Kg3 Qe1+ 0-1

[Event "4. Open Hotel Avenida de Canarias 2010"]
[Site "Vecindario ESP"]
[Date "2010.07.24"]
[Round "8.6"]
[White "Robin, Samy"]
[Black "Vidarte Morales, Arturo"]
[Result "1-0"]
[WhiteElo "2308"]
[BlackElo "2409"]
[PlyCount "93"]
[EventDate "2010.07.18"]
[EventType "swiss"]
[EventRounds "9"]
[EventCountry "ESP"]
[Source "lmi"]
[SourceDate "2010.07.18"]

1. e4 c5 2. Nf3 e6 3. d4 cxd4 4. Nxd4 a6 5. Bd3 Bc5 6. Nb3 Be7 7. O-O d6 8. Qg4
Bf6 9. N1d2 Qc7 10. Qg3 Nd7 11. Nc4 e5 12. Bg5 g6 13. Rfd1 Bxg5 14. Qxg5 Ngf6
15. Qh4 b5 16. Ne3 Bb7 17. a4 b4 18. a5 Bc6 19. f3 O-O 20. Bc4 Kg7 21. Qe1 Rfb8
22. Qd2 Ne8 23. Bf1 Qa7 24. Kh1 Nef6 25. Nc4 d5 26. exd5 Bxd5 27. Ne3 Bc6 28.
Bc4 Rd8 29. Qe2 Nc5 30. Rxd8 Rxd8 31. Nxc5 Qxc5 32. Bxa6 Nh5 33. Ng4 e4 34.
fxe4 Qg5 35. Bd3 b3 36. Nf2 Nf4 37. Qf3 bxc2 38. Bxc2 Rd2 39. Bb3 Rxb2 40. Bc4
Rc2 41. Bf1 Qe5 42. Re1 Qxa5 43. Qe3 Qd2 44. Qxd2 Rxd2 45. Kg1 h5 46. Re2 Rd1
47. Nxd1 1-0

[Event "4. Open Hotel Avenida de Canarias 2010"]
[Site "Vecindario ESP"]
[Date "2010.07.24"]
[Round "8.7"]
[White "Martinez Martin, David"]
[Black "Perez Felipe, Marcos Adrian"]
[Result "0-1"]
[WhiteElo "2406"]
[BlackElo "2273"]
[PlyCount "36"]
[EventDate "2010.07.18"]
[EventType "swiss"]
[EventRounds "9"]
[EventCountry "ESP"]
[Source "lmi"]
[SourceDate "2010.07.18"]

1. d4 Nf6 2. Nf3 e6 3. e3 b6 4. Bd3 Bb7 5. O-O d5 6. b3 Bd6 7. Bb2 O-O 8. Ne5
c5 9. Nd2 Nc6 10. a3 Qc7 11. f4 Ne7 12. Qf3 c4 13. bxc4 dxc4 14. Ne4 cxd3 15.
Nxf6+ gxf6 16. Qg3+ Kh8 17. Ng4 Rg8 18. Qh4 Rxg4 0-1

[Event "4. Open Hotel Avenida de Canarias 2010"]
[Site "Vecindario ESP"]
[Date "2010.07.24"]
[Round "8.8"]
[White "Bressac, Stephane"]
[Black "Rudolf, Anna"]
[Result "1-0"]
[WhiteElo "2190"]
[BlackElo "2393"]
[PlyCount "71"]
[EventDate "2010.07.18"]
[EventType "swiss"]
[EventRounds "9"]
[EventCountry "ESP"]
[Source "lmi"]
[SourceDate "2010.07.18"]

1. e4 e6 2. d4 d5 3. Nc3 Nf6 4. e5 Nfd7 5. f4 c5 6. Nf3 Nc6 7. Be3 b6 8. Qd2
Be7 9. O-O-O c4 10. f5 Nf8 11. fxe6 Bxe6 12. Ng5 Bf5 13. Be2 Nb4 14. Nxf7 Kxf7
15. Rhf1 Ke6 16. Rxf5 Kxf5 17. Rf1+ Kg6 18. Nxd5 h6 19. Bxc4 Kh7 20. Nxb4 Ng6
21. Bf7 Bg5 22. Bxg6+ Kxg6 23. Qd3+ Kh5 24. Qf5 Rf8 25. g4+ Kh4 26. Bxg5+ Qxg5+
27. Qxg5+ Kxg5 28. Re1 Rad8 29. Nc6 Rd7 30. c4 b5 31. b3 bxc4 32. bxc4 Rc7 33.
d5 Rf2 34. e6 Rb7 35. e7 Rbb2 36. Nb4 1-0

[Event "4. Open Hotel Avenida de Canarias 2010"]
[Site "Vecindario ESP"]
[Date "2010.07.24"]
[Round "8.9"]
[White "Inigo Munoz, Javier"]
[Black "Fernandez Siles, Luis"]
[Result "0-1"]
[WhiteElo "2144"]
[BlackElo "2368"]
[PlyCount "60"]
[EventDate "2010.07.18"]
[EventType "swiss"]
[EventRounds "9"]
[EventCountry "ESP"]
[Source "lmi"]
[SourceDate "2010.07.18"]

1. c4 e5 2. Nc3 Nf6 3. e4 Bc5 4. Be2 Nc6 5. Nf3 d6 6. O-O O-O 7. d3 h6 8. Rb1
a5 9. a3 Bd7 10. Ne1 Kh7 11. Nc2 a4 12. Kh1 g5 13. Be3 Re8 14. g3 Nd4 15. Bxd4
exd4 16. Na2 Bh3 17. Rg1 h5 18. Bf1 Bd7 19. Nc1 Kg7 20. f3 Rh8 21. Ne2 g4 22.
Qd2 gxf3 23. Nexd4 Ng4 24. h4 Qf6 25. Qc3 Ne5 26. Ne3 Kf8 27. Nd5 Qg7 28. Nxc7
Rc8 29. b4 axb3 30. Nce6+ fxe6 0-1

[Event "4. Open Hotel Avenida de Canarias 2010"]
[Site "Vecindario ESP"]
[Date "2010.07.24"]
[Round "8.11"]
[White "Lopez Colon, Francisco"]
[Black "Barlov, Dragan"]
[Result "0-1"]
[WhiteElo "2152"]
[BlackElo "2493"]
[PlyCount "104"]
[EventDate "2010.07.18"]
[EventType "swiss"]
[EventRounds "9"]
[EventCountry "ESP"]
[Source "lmi"]
[SourceDate "2010.07.18"]

1. d4 Nf6 2. c4 e6 3. Nc3 Bb4 4. Qc2 O-O 5. a3 Bxc3+ 6. Qxc3 Ne4 7. Qc2 f5 8.
Nh3 b6 9. f3 Nf6 10. e3 c5 11. dxc5 bxc5 12. Bd2 a5 13. Be2 Nc6 14. Nf2 Ba6 15.
Nd3 Qb6 16. O-O d5 17. Nf4 d4 18. Nxe6 Rfe8 19. Qxf5 Ne7 20. Qxc5 Qxe6 21. Qxd4
a4 22. e4 Nc6 23. Qc3 Ne5 24. Rac1 Rec8 25. Qe3 Bxc4 26. Bc3 Bb3 27. Qf4 Ng6
28. Qg3 Nh5 29. Qf2 Nhf4 30. Rfe1 Rd8 31. Bd4 Rac8 32. Rxc8 Rxc8 33. Bc3 Rd8
34. Qe3 Qe7 35. Bf1 h6 36. g3 Ne6 37. f4 Ngf8 38. f5 Nc7 39. Ba5 Re8 40. Qd4
Ra8 41. Bc3 Rd8 42. Qb6 Na8 43. Qc6 Qa7+ 44. Kh1 Qb6 45. Bc4+ Kh7 46. Qxb6 Nxb6
47. Bxb3 axb3 48. e5 Na4 49. e6 Re8 50. Bd4 h5 51. Re3 g6 52. Kg2 Kg8 0-1

[Event "4. Open Hotel Avenida de Canarias 2010"]
[Site "Vecindario ESP"]
[Date "2010.07.24"]
[Round "8.12"]
[White "Rodrigo Yanguas, Maria"]
[Black "Hernandez Leon, Alberto"]
[Result "0-1"]
[WhiteElo "2092"]
[BlackElo "2274"]
[PlyCount "98"]
[EventDate "2010.07.18"]
[EventType "swiss"]
[EventRounds "9"]
[EventCountry "ESP"]
[Source "lmi"]
[SourceDate "2010.07.18"]

1. e4 c5 2. Nf3 d6 3. d4 cxd4 4. Nxd4 e5 5. Nb3 Nf6 6. Nc3 Be7 7. Be2 O-O 8.
O-O a5 9. Be3 a4 10. Nd2 a3 11. b3 Be6 12. Nc4 Ra6 13. f4 exf4 14. Bxf4 b5 15.
Nxb5 Nxe4 16. Qd3 d5 17. Ne5 Nc6 18. Kh1 Nb4 19. Qf3 Nxc2 20. Rac1 Nb4 21. Nc3
Nxc3 22. Bxa6 Ncxa2 23. Ra1 Nxa6 24. Rxa2 Qa8 25. Qg3 Kh8 26. Rfa1 Qb7 27. h4
f6 28. Ng4 Nc5 29. b4 Ne4 30. Qf3 Bxb4 31. Rc2 Rc8 32. Rxc8+ Qxc8 33. Rc1 Bc5
34. Ne3 a2 35. Nc2 Qb7 36. Kh2 d4 37. h5 Bd5 38. h6 g5 39. Bg3 Qf7 40. Qf5 Qh5+
41. Qh3 Qxh3+ 42. Kxh3 Nxg3 43. Kxg3 d3 44. Na1 d2 45. Rd1 Be3 46. Rf1 Kg8 47.
Rd1 Be4 48. Rh1 f5 49. Rd1 g4 0-1

[Event "4. Open Hotel Avenida de Canarias 2010"]
[Site "Vecindario ESP"]
[Date "2010.07.24"]
[Round "8.13"]
[White "Alvarado Diaz, Alejandro"]
[Black "Vega Gutierrez, Belinda"]
[Result "0-1"]
[WhiteElo "2068"]
[BlackElo "2266"]
[PlyCount "46"]
[EventDate "2010.07.18"]
[EventType "swiss"]
[EventRounds "9"]
[EventCountry "ESP"]
[Source "lmi"]
[SourceDate "2010.07.18"]

1. e4 e5 2. Nf3 Nc6 3. Bc4 Nf6 4. Ng5 d5 5. exd5 Na5 6. Bb5+ c6 7. dxc6 bxc6 8.
Be2 h6 9. Nf3 e4 10. Ne5 Bc5 11. c3 Qc7 12. d4 exd3 13. Nxd3 Bd6 14. h3 O-O 15.
O-O Bf5 16. Nd2 c5 17. Nf3 Rad8 18. Qa4 Rfe8 19. Re1 Rxe2 20. Rxe2 Bxd3 21. Re1
Nc6 22. Qh4 Ne7 23. Bd2 c4 0-1

[Event "4. Open Hotel Avenida de Canarias 2010"]
[Site "Vecindario ESP"]
[Date "2010.07.24"]
[Round "8.14"]
[White "Menvielle Laccourreye, Augusto"]
[Black "Rodriguez Melian, Jose Luis"]
[Result "1/2-1/2"]
[WhiteElo "2245"]
[BlackElo "2067"]
[PlyCount "64"]
[EventDate "2010.07.18"]
[EventType "swiss"]
[EventRounds "9"]
[EventCountry "ESP"]
[Source "lmi"]
[SourceDate "2010.07.18"]

1. e4 e5 2. Nf3 Nf6 3. d4 Nxe4 4. Bd3 Nc6 5. O-O d5 6. Nxe5 Nxe5 7. dxe5 Be7 8.
c3 O-O 9. Qc2 f5 10. exf6 Nxf6 11. Nd2 Bg4 12. h3 Be6 13. Nf3 Kh8 14. Bg5 Bg8
15. Rae1 Qd6 16. Nd4 Rae8 17. Nf5 Qd7 18. Nxe7 Rxe7 19. Bf5 Qe8 20. Qc1 Be6 21.
Bb1 Qf7 22. Re3 Ree8 23. Rf3 Qd7 24. Re1 Qd8 25. Qc2 Bg8 26. Ree3 Rxe3 27. Rxe3
h6 28. Bh4 d4 29. Re1 dxc3 30. Qxc3 Qd7 31. Qc5 Re8 32. Rc1 Rc8 1/2-1/2

[Event "4. Open Hotel Avenida de Canarias 2010"]
[Site "Vecindario ESP"]
[Date "2010.07.24"]
[Round "8.15"]
[White "Natalicchio Escalante, Nicolas"]
[Black "Majul, Isolina"]
[Result "1/2-1/2"]
[WhiteElo "2193"]
[BlackElo "2099"]
[PlyCount "100"]
[EventDate "2010.07.18"]
[EventType "swiss"]
[EventRounds "9"]
[EventCountry "ESP"]
[Source "lmi"]
[SourceDate "2010.07.18"]

1. d4 Nf6 2. c4 c6 3. Nc3 d5 4. Nf3 g6 5. e3 Bg7 6. Be2 O-O 7. h3 a6 8. O-O b5
9. b3 Nbd7 10. Bb2 Nb6 11. Ne5 Bb7 12. cxd5 cxd5 13. Nd3 Nfd7 14. f4 e6 15. Rc1
Rc8 16. Ba3 Re8 17. Nc5 Nxc5 18. Bxc5 Nd7 19. b4 Nb6 20. a4 Nc4 21. Bxc4 bxc4
22. a5 Bc6 23. Ne2 Qd7 24. g4 f6 25. Ng3 e5 26. f5 exd4 27. Bxd4 Qd6 28. Qf3
Qxb4 29. g5 Rf8 30. fxg6 fxg5 31. gxh7+ Kh8 32. Bxg7+ Kxg7 33. h8=Q+ Kxh8 34.
Qh5+ Kg8 35. Qg6+ Kh8 36. Nf5 Rc7 37. Nd6 Qb8 38. Qh6+ Kg8 39. Qe6+ Kg7 40.
Nf5+ Kh7 41. Ne7 Qe8 42. Rxf8 Qxf8 43. Qg6+ Kh8 44. Qh5+ Kg7 45. Qg6+ Kh8 46.
Nxc6 Qf3 47. Qe8+ Kh7 48. Rf1 Qg3+ 49. Kh1 Qxh3+ 50. Kg1 Qg3+ 1/2-1/2

[Event "4. Open Hotel Avenida de Canarias 2010"]
[Site "Vecindario ESP"]
[Date "2010.07.24"]
[Round "8.16"]
[White "Gonzalez Perez, Lutgarda"]
[Black "Leon Varela, Luis"]
[Result "0-1"]
[WhiteElo "2133"]
[BlackElo "2170"]
[PlyCount "76"]
[EventDate "2010.07.18"]
[EventType "swiss"]
[EventRounds "9"]
[EventCountry "ESP"]
[Source "lmi"]
[SourceDate "2010.07.18"]

1. d4 Nf6 2. Nf3 c5 3. c3 cxd4 4. cxd4 d5 5. g3 Nc6 6. Bg2 Bf5 7. O-O e6 8. Nc3
Bd6 9. a3 h6 10. e3 O-O 11. Nh4 Bh7 12. f4 Rc8 13. f5 Ne7 14. fxe6 fxe6 15. Bd2
g5 16. Nf3 Bd3 17. Re1 Ng6 18. Bc1 Bf5 19. Qe2 Rxc3 20. bxc3 Ne4 21. c4 g4 22.
Nd2 Nc3 23. Qf1 Bc2 24. cxd5 Rxf1+ 25. Nxf1 exd5 26. Nd2 Qa5 27. Bb2 Na4 28.
Bc1 Ne7 29. Kf2 Nc3 30. Bb2 Na4 31. Bc1 Nc3 32. Bb2 Ne4+ 33. Nxe4 Bxe4 34. Re2
Bxg2 35. Kxg2 Qb5 36. Rf2 Nf5 37. Re1 Qd3 38. Bc1 Qe4+ 0-1

[Event "4. Open Hotel Avenida de Canarias 2010"]
[Site "Vecindario ESP"]
[Date "2010.07.24"]
[Round "8.17"]
[White "Vega Gutierrez, Sabrina"]
[Black "Angel Acosta, Juan Carlos"]
[Result "1/2-1/2"]
[WhiteElo "2373"]
[BlackElo "2160"]
[PlyCount "56"]
[EventDate "2010.07.18"]
[EventType "swiss"]
[EventRounds "9"]
[EventCountry "ESP"]
[Source "lmi"]
[SourceDate "2010.07.18"]

1. e4 c5 2. Nf3 e6 3. d4 cxd4 4. Nxd4 Nf6 5. Nc3 d6 6. f4 a6 7. Qf3 e5 8. Nb3
Nc6 9. Bd3 exf4 10. Bxf4 Be7 11. O-O O-O 12. Be2 Ne5 13. Qg3 Qc7 14. Rad1 Be6
15. Nd4 Rac8 16. Kh1 Rfe8 17. Bh6 Ng6 18. Bg5 Qb6 19. Nf5 Bxf5 20. exf5 Qxb2
21. fxg6 Qxc3 22. gxf7+ Kxf7 23. Bh5+ g6 24. Rd3 Qe5 25. Bxf6 Qxg3 26. hxg3
gxh5 27. Bh4+ Kg8 28. Rf2 Bxh4 1/2-1/2

[Event "4. Open Hotel Avenida de Canarias 2010"]
[Site "Vecindario ESP"]
[Date "2010.07.24"]
[Round "8.18"]
[White "Morales Camacho, Julian"]
[Black "Sanchez Montesdeoca, Isaac"]
[Result "1-0"]
[WhiteElo "2223"]
[BlackElo "1705"]
[PlyCount "83"]
[EventDate "2010.07.18"]
[EventType "swiss"]
[EventRounds "9"]
[EventCountry "ESP"]
[Source "lmi"]
[SourceDate "2010.07.18"]

1. c4 g6 2. Nc3 Nf6 3. e4 d6 4. d4 Bg7 5. Bd3 Nc6 6. Nge2 O-O 7. f3 e5 8. d5
Ne7 9. Be3 Nh5 10. g4 Nf6 11. Ng3 Bd7 12. h3 c6 13. Qd2 b5 14. g5 Ne8 15. cxb5
cxd5 16. exd5 f5 17. f4 Nc7 18. Nge2 Qe8 19. a4 Kh8 20. Bc4 Nc8 21. Kf2 Nb6 22.
b3 Qe7 23. a5 Nxc4 24. bxc4 h6 25. h4 Rfe8 26. Rab1 Kg8 27. c5 Reb8 28. c6 Bc8
29. Rhc1 Kh7 30. b6 axb6 31. axb6 Ba6 32. b7 Bxb7 33. cxb7 Ra3 34. Qb2 exf4 35.
Bxf4 Rxc3 36. Nxc3 Bd4+ 37. Kg3 hxg5 38. hxg5 Be5 39. Bxe5 Qxe5+ 40. Kg2 Nxd5
41. Nxd5 Qxd5+ 42. Kf2 1-0

[Event "4. Open Hotel Avenida de Canarias 2010"]
[Site "Vecindario ESP"]
[Date "2010.07.24"]
[Round "8.19"]
[White "Martin Hernandez, Ruben"]
[Black "Trujillo Alvarado, Ivan"]
[Result "0-1"]
[WhiteElo "1988"]
[BlackElo "2196"]
[PlyCount "78"]
[EventDate "2010.07.18"]
[EventType "swiss"]
[EventRounds "9"]
[EventCountry "ESP"]
[Source "lmi"]
[SourceDate "2010.07.18"]

1. d4 Nf6 2. c4 g6 3. Nc3 Bg7 4. e4 O-O 5. Bd3 d6 6. Nge2 e5 7. d5 Nbd7 8. Ng3
Nc5 9. Be2 a5 10. O-O Ne8 11. Rb1 Bf6 12. Bh6 Ng7 13. Qd2 Be7 14. b3 f6 15. a3
a4 16. b4 Nb3 17. Qd3 Nd4 18. Bd1 f5 19. f4 Bf6 20. fxe5 Bxe5 21. Be3 fxe4 22.
Rxf8+ Qxf8 23. Ncxe4 Ndf5 24. Bf2 Qe7 25. Bf3 Bd7 26. Re1 Re8 27. c5 Qf8 28. c6
bxc6 29. dxc6 Be6 30. Ng5 Nxg3 31. Nxe6 Nxe6 32. hxg3 Kg7 33. Bd5 Qf6 34. Bxe6
Rxe6 35. Re4 Qg5 36. Be3 Qxg3 37. Rxe5 Qe1+ 38. Kh2 Qh4+ 39. Kg1 dxe5 0-1

[Event "4. Open Hotel Avenida de Canarias 2010"]
[Site "Vecindario ESP"]
[Date "2010.07.24"]
[Round "8.21"]
[White "Gutierrez Olivares, Daniel"]
[Black "Rojas Mirabal, Pedro"]
[Result "1-0"]
[WhiteElo "2167"]
[BlackElo "1996"]
[PlyCount "97"]
[EventDate "2010.07.18"]
[EventType "swiss"]
[EventRounds "9"]
[EventCountry "ESP"]
[Source "lmi"]
[SourceDate "2010.07.18"]

1. c4 Nf6 2. Nc3 g6 3. g3 Bg7 4. Bg2 c5 5. d3 Nc6 6. Nf3 O-O 7. O-O d6 8. Rb1
Bg4 9. h3 Bf5 10. a3 h5 11. Bg5 Qd7 12. Kh2 Nh7 13. Bd2 Rab8 14. b4 Nd4 15. Nh4
Be6 16. e3 g5 17. exd4 gxh4 18. d5 Bf5 19. Ne4 b6 20. Qxh5 hxg3+ 21. fxg3 Bg6
22. Qe2 Qa4 23. h4 Qd7 24. Bh3 e6 25. dxe6 fxe6 26. Nf6+ Rxf6 27. Rxf6 Bf5 28.
Bxf5 exf5 29. Qe6+ Qxe6 30. Rxe6 Be5 31. Re7 Nf6 32. Rxa7 Nh5 33. Rg1 Re8 34.
Bf4 Bd4 35. Rg2 Nf6 36. Ra2 Ng4+ 37. Kg2 Re1 38. Rd2 Rg1+ 39. Kf3 cxb4 40. axb4
Rf1+ 41. Ke2 Rf2+ 42. Kd1 Rf1+ 43. Kc2 Re1 44. h5 Kh8 45. h6 Re6 46. Rd7 Ne5
47. Bxe5+ Bxe5 48. Re2 Rxh6 49. d4 1-0

[Event "4. Open Hotel Avenida de Canarias 2010"]
[Site "Vecindario ESP"]
[Date "2010.07.24"]
[Round "8.22"]
[White "Villavicencio Martinez, Carlos"]
[Black "Cruz Pino, Adrian"]
[Result "0-1"]
[WhiteElo "2134"]
[BlackElo "1871"]
[PlyCount "118"]
[EventDate "2010.07.18"]
[EventType "swiss"]
[EventRounds "9"]
[EventCountry "ESP"]
[Source "lmi"]
[SourceDate "2010.07.18"]

1. Nf3 Nf6 2. c4 g6 3. g3 Bg7 4. Bg2 O-O 5. O-O c6 6. d4 d5 7. b3 dxc4 8. bxc4
Be6 9. Nbd2 h6 10. Rb1 Qc7 11. Qc2 Bg4 12. h3 Bc8 13. Bb2 b6 14. Rbc1 Bb7 15.
e4 Nfd7 16. e5 e6 17. Ne4 c5 18. dxc5 Nxc5 19. Nf6+ Kh8 20. Nh4 Bxg2 21. Kxg2
Bxf6 22. exf6 Qc6+ 23. f3 Kh7 24. Kh2 Nbd7 25. Rce1 Qa4 26. Qc3 Qxa2 27. Ra1
Qb3 28. Qxb3 Nxb3 29. Rad1 Rfd8 30. f4 Ndc5 31. Nf3 Na5 32. Ne5 Kg8 33. h4 Rac8
34. Ba3 Rxd1 35. Rxd1 Nab7 36. Kh3 Rd8 37. Ra1 Nb3 38. Rb1 N7c5 39. Nc6 Ra8 40.
Ne7+ Kf8 41. h5 Nd2 42. hxg6 fxg6 43. Rd1 Nde4 44. Nxg6+ Kf7 45. Ne5+ Kxf6 46.
Kh4 Kg7 47. Bb2 Kh7 48. Rd4 a5 49. g4 Rf8 50. Nd7 Rf7 51. Nxb6 Rxf4 52. Rd8 Kg6
53. Nd7 Nxd7 54. Rxd7 Rf7 55. Rd4 Ng5 56. Rd3 Rc7 57. Rc3 Rb7 58. Rc2 Rb3 59.
Rh2 Nf3+ 0-1